000 00989nac a22002897a 4500
001 BR8402091
003 BR-BrBNA
005 20240105120001.0
008 230509b bl.|||m| |||| 00| 0 por d
040 _aBR-BrBNA
_bpor
_cBiblioteca Nacional de Agricultura
072 _aE15
090 _aE15 BR8402091
110 1 _aCooperativa Central dos Produtores Rurais de Minas Gerais Ltda., Belo Horizonte (Brasil)
_92832
245 1 _aRelatorio anual 1983 [Cooperativa Central dos Produtores Rurais de Minas Gerais Ltda., Brasil]
260 3 _aBelo Horizonte, MG (Brasil):
_c1984.
300 _a21 p.
490 _aRelatorio - Cooperativa Central dos Produtores Rurais de Minas Gerais Ltda. (Brazil)
_v
_x
500 _a10 tables
650 _aCOOPERATIVA DE PRODUTORES
650 _aRECURSO ECONOMICO
650 _aFINANCIAMENTO
650 _aRECEITA
650 _aDESPESA
650 _aMINAS GERAIS
909 _a202312
_bLúcia Elande
_c55
_dLúcia Elande
942 _2AGRIS
_n0
_cMS
999 _c277367
_d277367